NBA G-League Teams - Statistics

General Stats
  • This quiz has been taken 7 times
  • The average score is 17 of 27
Answer Stats
16 Answer % Correct
20 Warriors
100%
1 Clippers
83%
23 Kings
83%
22 Lakers
83%
7 Mad Ants
83%
2 Spurs
83%
15 Suns
83%
6 Bayhawks
67%
16 Blue
67%
26 Bulls
67%
3 Charge
67%
27 Herd
67%
25 Knicks
67%
11 Magic
67%
12 Nets
67%
17 Raptors 905
67%
10 Wolves
67%
8 Drive
50%
14 Hustle
50%
13 Red Claws
50%
5 Blue Coats
33%
4 Go-Go
33%
24 Legends
33%
21 Skyforce
33%
18 Stars
33%
9 Swarm
33%
19 Vipers
33%
No matching quizzes found
Score Distribution
Percent of People with Each Score
Percentile by Number Answered
Your Score History
You have not taken this quiz